| 000 | 00353nam a22001337a 4500 | ||
|---|---|---|---|
| 082 |
_a620 _bGAN |
||
| 100 |
_aBhatia, S.L _937831 |
||
| 245 | _aPocket Book of engineering. | ||
| 260 |
_aLahore _bThe Civil & Military Gazette Press |
||
| 300 |
_a837 p.: _bill,: _c4Cm |
||
| 526 |
_a0 _b0 _c0 _d620_000000000000000_GAN |
||
| 650 |
_aD _96527 |
||
| 942 |
_2ddc _cBK |
||
| 999 |
_c544560 _d544560 |
||